Welcome to the Holygrace Academy Library

Please use search bar below to get started

ULLIL NINNULLA URAVAKAL (Record no. 6808)

MARC details
000 -LEADER
fixed length control field 00303nam a22001457a 4500
020 ## - INTERNATIONAL STANDARD BOOK NUMBER
ISBN 978-93-5390-286-5
082 ## - DEWEY DECIMAL CLASSIFICATION NUMBER
Classification number 823
Item number MOO/U
100 ## - MAIN ENTRY--AUTHOR NAME
Personal name MOORTHY, SUDHA
245 ## - TITLE STATEMENT
Title ULLIL NINNULLA URAVAKAL
260 ## - PUBLICATION, DISTRIBUTION, ETC. (IMPRINT)
Place of publication KOTTAYAM
Name of publisher DC BOOKS
300 ## - PHYSICAL DESCRIPTION
Number of Pages 182
520 ## - SUMMARY, ETC.
Summary, etc NOVEL
650 ## - SUBJECT ADDED ENTRY--TOPICAL TERM
Topical Term NOVEL
942 ## - ADDED ENTRY ELEMENTS (KOHA)
Koha item type Books
Holdings
Withdrawn status Lost status Collection code Home library Current library Shelving location Date acquired Source of acquisition Cost, normal purchase price Full call number Accession Number Koha item type
    Non-fiction Main Library Main Library NEW SHELF WITH NEW ENTRY 27/09/2023 Purchase 230.00 823 MOO/U 12866 Books